Golfines, bandoleros y maquis en los Montes de Toledo / (Record no. 178865)

MARC details
000 -LEADER
campo de control de longitud fija 01497nam a2200325 4500
001 - NÚMERO DE CONTROL
campo de control 178865
003 - IDENTIFICADOR DE NÚMERO DE CONTROL
campo de control ES-MaACL
005 - FECHA Y HORA DE LA ÚLTIMA TRANSACCIÓN
campo de control 20230909102628.0
008 - DATOS DE LONGITUD FIJA--INFORMACIÓN GENERAL
campo de control de longitud fija 110721s2008 sp aco |||| |dspa d
020 ## - NÚMERO INTERNACIONAL ESTÁNDAR DEL LIBRO
Número Internacional Estándar del Libro 978-84-935338-9-2
080 ## - NÚMERO DE LA CLASIFICACIÓN DECIMAL UNIVERSAL
Número de la Clasificación Decimal Universal 343.712.1(460.285 Montes de Toledo)(091)
080 ## - NÚMERO DE LA CLASIFICACIÓN DECIMAL UNIVERSAL
Número de la Clasificación Decimal Universal 355.425.4(460.285 Montes de Toledo)"1939/75"
100 1# - ENTRADA PRINCIPAL--NOMBRE DE PERSONA
Nombre de persona Leblic García, Ventura.
9 (RLIN) 71024
245 10 - MENCIÓN DEL TÍTULO
Título Golfines, bandoleros y maquis en los Montes de Toledo /
Mención de responsabilidad, etc. Ventura Leblic García, Juan José Fernández Delgado.
260 ## - PUBLICACIÓN, DISTRIBUCIÓN, ETC.
Lugar de publicación, distribución, etc. Argés (Toledo) :
Nombre del editor, distribuidor, etc. Covarrubias,
Fecha de publicación, distribución, etc. [2008]
300 ## - DESCRIPCIÓN FÍSICA
Extensión 221 p. :
Otras características físicas il., fot. ;
Dimensiones 21 cm.
490 1# - MENCIÓN DE SERIE
Mención de serie Oretania
500 ## - NOTA GENERAL
Nota general Filmografía.
504 ## - NOTA DE BIBLIOGRAFÍA, ETC.
Nota de bibliografía, etc. Bibliografía: p. 109-110, p. 209-211.
505 8# - NOTA DE CONTENIDO CON FORMATO
Nota de contenido con formato Contiene: 1ª ;
Título El bandolerismo y la guerrilla en los Montes de Toledo. Mitos y realidades /
Mención de responsabilidad V. Leblic García 2ª. --
Título El maquis en los Montes de Toledo y en la Jara /
Mención de responsabilidad J.J. Fernández Delgado
650 #7 - PUNTO DE ACCESO ADICIONAL DE MATERIA--TÉRMINO DE MATERIA
Término de materia o nombre geográfico como elemento de entrada Bandolerismo-
Subdivisión geográfica Montes de Toledo (España)
9 (RLIN) 147411
650 #7 - PUNTO DE ACCESO ADICIONAL DE MATERIA--TÉRMINO DE MATERIA
Término de materia o nombre geográfico como elemento de entrada Guerrillas-
Subdivisión geográfica Montes de Toledo (España)-
Subdivisión cronológica 1939-1975.
9 (RLIN) 147412
650 04 - PUNTO DE ACCESO ADICIONAL DE MATERIA--TÉRMINO DE MATERIA
Término de materia o nombre geográfico como elemento de entrada Bandoleros-
Subdivisión geográfica España-
Subdivisión de forma Historia.
9 (RLIN) 10499
700 1# - ENTRADA AGREGADA--NOMBRE PERSONAL
Nombre de persona Fernández Delgado, Juan José.
9 (RLIN) 49738
830 0# - PUNTO DE ACCESO ADICIONAL DE SERIE-TÍTULO UNIFORME
Título uniforme Oretania
9 (RLIN) 224359
852 ## - LOCALIZACIÓN
Ubicación ES-MaACL
Número de control de estantería A-11421
itemnumber 185730
Signatura antigua Olim: N-4425
Ubicación en estantería Depósito 1
Encuadernación Donación: Juan José Fernández Delgago
Nota libre Dedicatoria autógrafa del autor
903 ## - NOMBRE PERSONAL DE DONANTE
9 49738
a Fernández Delgado, Juan José
e Donante
942 ## - ELEMENTOS DE ENTRADA SECUNDARIOS (KOHA)
Fuente del sistema de clasificación o colocación Clasificación decimal universal
Tipo de ítem Koha Libro impreso
Holdings
Estatus retirado Estado de pérdida Fuente del sistema de clasificación o colocación Estado de daño No para préstamo Colección Biblioteca de origen Biblioteca actual Ubicación en estantería Fecha de adquisición Fuente de adquisición Total de préstamos Signatura topográfica completa Código de barras Visto por última vez Precio de reemplazo Tipo de ítem Koha Nota pública
    Clasificación decimal universal     Libros con dedicatorias Biblioteca del Ateneo de Madrid Biblioteca del Ateneo de Madrid Depósito 1 21/07/2011 Donación   A-11421 1187885 23/02/2023 23/02/2023 Libro impreso Dedicatoria autógrafa del autor